000 00580nam a2200181Ia 4500
003 GCL
008 140319s9999 xx 000 0 ara d
040 _aGCL /
_cGCL
082 0 4 _a616.0194
_bع ف
100 1 _aعبدالمحسن صالح
245 1 0 _aالفيروس والحياة (هدية من الاديب عبدالفتاح الجمل) /
_cعبدالمحسن صالح
300 _a112 ص
490 _aالمكتبة الثقافية
_v0
650 0 4 _aالفيروسات
650 0 4 _aالاوبئة
650 0 4 _aالمناعة ضد الامراض
942 _2ddc
_cBK
999 _c47222
_d47222